| 000 | 00558nam a22001811i 4500 | ||
|---|---|---|---|
| 001 | 183091 | ||
| 003 | ES-MaACL | ||
| 005 | 20230906221806.0 | ||
| 008 | 140115s1953 sp |||| | spa d | ||
| 080 | _a811.124'36 | ||
| 100 | 1 |
_aMarín Peña, Manuel. _976806 |
|
| 245 | 1 | 0 |
_aGramática latina / _cManuel Marín y Peña. |
| 250 | _a[3ª ed. corr.]. | ||
| 260 |
_aMadrid : _bSaeta, _c1953 ( _fGráficas Reunidas) |
||
| 300 |
_a207 p. ; _c21 cm. |
||
| 650 | 0 | 4 |
_aLengua latina- _xGramática. _914300 |
| 852 |
_aES-MaACL _jL-29906 _z.- Donat. Miguel A. Velasco |
||
| 999 |
_c183091 _d183091 |
||